000 00505nmm a2200169Ia 4500
008 251105s9999||||xx |||||||||||||||||und||
020 _a9789563172089
041 _aspa
100 _aMistral, Gabriela
245 0 _aGabriela Mistral : los poetas te han escogido
264 _a[Santiago de Chile, Chile] :
_bMago Editores,
_c2013
300 _a71 páginas
490 _aGrandes escritores
650 _aLatin American poetry
856 _uhttps://public.digitaliapublishing.com/a/33412
942 _cCF
999 _c94668
_d94668